000 00700nam a22001337a 4500
040 _cRUA
082 _aAGR NEA 2017 B646 Or.1
100 _aNEANG BUNTHOUEN នាង ប៊ុនធឿន
245 _acomparison of celery cabbage varieties ( Brassica compestris L.) in crop station at royal university of agriculture ការប្រៀបធៀបពូជដំណាំស្ពៃចង្កិះនៅស្ថាន៍ដំណាំ សាលវិទ្យាល័យភូមិកសិកម្ម
260 _aRUA
_bPhnom penh
_c2017
300 _aix;24p
_bill;
_c29cm
856 _uhttps://drive.google.com/file/d/1lmrtcZNcZMKSzgyHc4QtRh-IMaXxadWa/view?usp=sharing
942 _cAGR
999 _c18235
_d18235